| 000 | 00484 a2200169 4500 | ||
|---|---|---|---|
| 999 |
_c416 _d416 |
||
| 008 | 221215b ||||| |||| 00| 0 eng d | ||
| 020 | _a9780070585959 | ||
| 082 | 0 | 0 |
_a004.165 _bD456 |
| 100 |
_aDeshmukh, Ajay V. _95394 |
||
| 245 |
_aMicrocontroller: Theory and Applications / _cAjay V. Deshmukh |
||
| 250 | _a2nd ed. | ||
| 260 |
_aNew Delhi: _bMcGraw Hill, _c2016. |
||
| 300 | _axix, 334 p. | ||
| 490 | 0 | _aComputer Engineering Series | |
| 650 | 0 | _aMicrocomputers | |
| 942 |
_2ddc _cBK |
||